Lie algebras and Lie groups : 1964 lectures given at Harvard University

Αποθηκεύτηκε σε:
Λεπτομέρειες βιβλιογραφικής εγγραφής
Κύριος συγγραφέας: Serre, Jean Pierre
Μορφή: Βιβλίο
Γλώσσα:English
Δημοσίευση: Berlin ; New York : Springer-Verlag, c1992
Έκδοση:2nd ed.
Σειρά:Lecture notes in mathematics (Springer-Verlag) ; 1500
Θέματα:
Ετικέτες: Προσθήκη ετικέτας
Δεν υπάρχουν, Καταχωρήστε ετικέτα πρώτοι!

MARC

LEADER 00000cam a2200000 i 4500
001 1/27434
008 960425r1992 eng d
020 |a 3540550089 
020 |a 0387550089 
035 |l 10037825 
035 |a 1995 
040 |a GR-MY-UA  |b gre  |e aacr 
041 0 |a eng 
082 0 |a 512.55  |2 (20) 
100 1 |a Serre, Jean Pierre. 
245 1 0 |a Lie algebras and Lie groups :  |b 1964 lectures given at Harvard University /  |c Jean-Pierre Serre 
250 |a 2nd ed. 
260 |a Berlin ; New York :   |b Springer-Verlag,   |c c1992 
300 |a vii, 168 p.;  |b ill.;  |c 25 cm. 
490 1 |a Lecture notes in mathematics (Springer-Verlag)  |v ; 1500 
504 |a Includes bibliographical references and index 
650 0 0 |a Lie algebras. 
650 0 0 |a Lie groups. 
830 0 |a Lecture notes in mathematics (Springer-Verlag)  |v ; 1500 
852 |a INST  |b SAMOS  |e 19960425  |h 512.55 SER  |p 005300005366  |q 005300005366  |t BK  |y 0 
909 |a Σ  |b 039380